Loading...

On the road/

Bibliografiske detaljer
Hovedforfatter: Kerouac, Jack
Format: Printed Book
Sprog:English
Udgivet: New York: Penguin Books, 2016.
Fag:
LEADER 00524nam a22001577a 4500
008 170424b xxu||||| |||| 00| 0 eng d
999 |c 17775  |d 17775 
020 |a 9780143129509 
082 |a 813  |b KER 
100 |a Kerouac, Jack 
245 |a On the road/  |c Jack Kerouac 
260 |a New York:  |b Penguin Books,  |c 2016. 
300 |a 307p. 
650 |a Novel 
942 |2 ddc  |c BK 
952 |0 0  |1 0  |2 ddc  |4 0  |6 813_000000000000000_KER  |7 0  |9 24885  |a MAIN  |b MAIN  |d 2017-04-24  |e Green Books  |g 599.00  |l 2  |m 1  |o 813 KER  |p 24508  |r 2018-07-26  |s 2018-06-30  |w 2017-04-24  |y BK